000 00629nam a22001817a 4500
003 OSt
005 20250702071154.0
008 250625b |||||||| |||| 00| 0 eng d
020 _a 9786214270248
040 _aDWCL - Main lib
_cOC
082 _aFil. 303.403 A712s 2018
100 _aAriola, Mariano A.
245 _aScience, technology and society (new general education curriculum compliant)/
_cMariano A. Ariola
260 _aManila:
_bUnlimited Books Library Services & Publishing,
_cc2018.
300 _ax, 191 pages :
_billustrations ;
_c23 cm.
650 _a1. Science-Social aspects
942 _2ddc
_cBK - FIL
_kFil.
_n0
999 _c3267
_d3267